[Event "WCO2014"]
[Site "Tromso"]
[Date "2014.08.05"]
[Round "4.22"]
[WhiteID "9900438"]
[White "Galappaththi Chinthaka Anuruddh"]
[BlackID "16400046"]
[Black "Chimthere Alfred Charles"]
[Result "1-0"]
[LiveChessVersion "1.4.3"]
[BlackElo "2017"]
[WhiteElo "2125"]

1. d4 {[%clk 1:30:41]} d5 {[%clk 1:29:11]} 2. Nf3 {[%clk 1:30:55]} Nf6
{[%clk 1:29:28]} 3. e3 {[%clk 1:31:16]} Bg4 {[%clk 1:23:31]} 4. c4
{[%clk 1:29:03]} e6 {[%clk 1:22:03]} 5. Qb3 {[%clk 1:28:36]} Qc8 {[%clk 1:17:48]}
6. Ne5 {[%clk 1:27:44]} Bf5 {[%clk 1:17:39]} 7. Nc3 {[%clk 1:27:58]} c6
{[%clk 1:17:03]} 8. Be2 {[%clk 1:25:53]} Nbd7 {[%clk 1:15:23]} 9. g4
{[%clk 1:17:51]} dxc4 {[%clk 1:08:26]} 10. Qxc4 {[%clk 1:10:46]} Bg6
{[%clk 0:55:49]} 11. h4 {[%clk 1:08:58]} Be4 {[%clk 0:52:18]} 12. Nxe4
{[%clk 1:01:37]} Nxe4 {[%clk 0:52:26]} 13. Qc2 {[%clk 0:56:33]} Nef6
{[%clk 0:47:29]} 14. g5 {[%clk 0:53:32]} Nd5 {[%clk 0:46:00]} 15. Bd2
{[%clk 0:51:39]} Nxe5 {[%clk 0:43:21]} 16. dxe5 {[%clk 0:51:57]} Qc7
{[%clk 0:43:21]} 17. e4 {[%clk 0:48:23]} Nb4 {[%clk 0:42:32]} 18. Qc3
{[%clk 0:47:57]} a5 {[%clk 0:42:03]} 19. a3 {[%clk 0:47:25]} Na6 {[%clk 0:42:06]}
20. Be3 {[%clk 0:47:17]} Be7 {[%clk 0:36:59]} 21. f4 {[%clk 0:45:18]} Nb8
{[%clk 0:33:03]} 22. O-O-O {[%clk 0:43:08]} Nd7 {[%clk 0:33:03]} 23. Kb1
{[%clk 0:43:21]} O-O-O {[%clk 0:28:39]} 24. Bh5 {[%clk 0:37:12]} g6
{[%clk 0:25:02]} 25. Bg4 {[%clk 0:37:01]} h5 {[%clk 0:24:19]} 26. Bh3
{[%clk 0:36:18]} b5 {[%clk 0:22:14]} 27. Rc1 {[%clk 0:35:22]} Kb7
{[%clk 0:20:12]} 28. Rh2 {[%clk 0:34:51]} Nb6 {[%clk 0:17:16]} 29. Bf1
{[%clk 0:34:57]} b4 {[%clk 0:14:36]} 30. axb4 {[%clk 0:34:40]} Bxb4
{[%clk 0:11:24]} 31. Qb3 {[%clk 0:34:52]} Rc8 {[%clk 0:11:38]} 32. Rhc2
{[%clk 0:32:29]} c5 {[%clk 0:11:14]} 33. Qd3 {[%clk 0:20:16]} Kb8
{[%clk 0:07:07]} 34. Qb5 {[%clk 0:20:14]} Qb7 {[%clk 0:06:16]} 35. Bxc5
{[%clk 0:19:30]} Nd7 {[%clk 0:05:33]} 36. Bxb4 {[%clk 0:18:37]} axb4
{[%clk 0:05:15]} 37. Rxc8+ {[%clk 0:18:56]} Rxc8 {[%clk 0:05:32]} 38. Qxb7+
{[%clk 0:19:17]} Kxb7 {[%clk 0:05:44]} 39. Ba6+ {[%clk 0:19:41]} Kxa6
{[%clk 0:06:11]} 40. Rxc8 {[%clk 0:20:03]} Kb6 {[%clk 0:06:16]} 41. Kc2
{[%clk 0:19:15]} Nc5 {[%clk 0:04:04]} 42. Rxc5 {[%clk 0:11:14]} Kxc5
{[%clk 0:04:31]} 43. Kd3 {[%clk 0:11:38]} Kb5 {[%clk 0:02:32]} 44. Kd4
{[%clk 0:11:58]} b3 {[%clk 0:20:32]} 45. Kc3 {[%clk 0:43:09]} Kc5
{[%clk 0:20:56]} 46. Kxb3 {[%clk 0:43:35]} Kd4 {[%clk 0:21:18]} 47. Kb4
{[%clk 0:44:00]} Kxe4 {[%clk 0:21:23]} 48. Kc5 {[%clk 0:43:59]} Kxf4
{[%clk 0:21:46]} 49. b4 {[%clk 0:44:15]} Kxe5 {[%clk 0:21:36]} 50. b5
{[%clk 0:44:40]} Kf4 {[%clk 0:21:56]} 51. b6 {[%clk 0:45:03]} Kg4
{[%clk 0:22:25]} 52. b7 {[%clk 0:45:12]} Kxh4 {[%clk 0:22:50]} 53. b8=Q
{[%clk 0:45:30]} Kxg5 {[%clk 0:23:09]} 54. Qg3+ {[%clk 0:45:45]} Kf6
{[%clk 0:21:49]} 55. Qf4+ {[%clk 0:46:06]} Kg7 {[%clk 0:22:17]} 56. Kd6
{[%clk 0:46:25]} 1-0

[Event "WCO2014"]
[Site "Tromso"]
[Date "2014.08.05"]
[Round "4.23"]
[WhiteID "20500041"]
[White "Nyambalo Joseph Xavier"]
[BlackID "9900993"]
[Black "Alahakoon Isuru"]
[Result "0-1"]
[LiveChessVersion "1.4.3"]
[BlackElo "2120"]
[WhiteElo "2115"]

1. Nf3 {[%clk 1:30:57]} e6 {[%clk 1:30:49]} 2. c4 {[%clk 1:30:59]} f5
{[%clk 1:30:53]} 3. d4 {[%clk 1:31:10]} Nf6 {[%clk 1:31:17]} 4. g3
{[%clk 1:30:31]} Be7 {[%clk 1:31:42]} 5. Nc3 {[%clk 1:30:57]} O-O
{[%clk 1:32:05]} 6. Bg2 {[%clk 1:31:24]} d6 {[%clk 1:32:28]} 7. O-O
{[%clk 1:31:33]} Qe8 {[%clk 1:30:48]} 8. Bg5 {[%clk 1:28:38]} Ne4
{[%clk 1:16:54]} 9. Bd2 {[%clk 1:27:10]} Bf6 {[%clk 1:00:33]} 10. Qc2
{[%clk 1:19:51]} Nxd2 {[%clk 0:57:48]} 11. Qxd2 {[%clk 1:20:02]} e5
{[%clk 0:57:28]} 12. dxe5 {[%clk 1:17:36]} dxe5 {[%clk 0:57:48]} 13. e4
{[%clk 1:17:32]} Nc6 {[%clk 0:48:00]} 14. Rfe1 {[%clk 1:13:08]} f4
{[%clk 0:46:30]} 15. Nd5 {[%clk 1:09:04]} Bd8 {[%clk 0:45:15]} 16. Nb4
{[%clk 1:01:48]} Bg4 {[%clk 0:35:31]} 17. Qd5+ {[%clk 1:00:55]} Be6
{[%clk 0:28:43]} 18. Qb5 {[%clk 1:00:30]} Nxb4 {[%clk 0:23:34]} 19. Qxb4
{[%clk 1:00:31]} Bg4 {[%clk 0:20:37]} 20. Qxb7 {[%clk 0:56:25]} Bf6
{[%clk 0:18:46]} 21. Qd5+ {[%clk 0:53:45]} Kh8 {[%clk 0:19:04]} 22. Nd2
{[%clk 0:53:26]} Rd8 {[%clk 0:18:27]} 23. Qa5 {[%clk 0:53:51]} Qh5
{[%clk 0:13:21]} 24. Nb3 {[%clk 0:51:26]} Bh3 {[%clk 0:07:06]} 25. Bh1
{[%clk 0:49:42]} fxg3 {[%clk 0:07:14]} 26. hxg3 {[%clk 0:49:50]} Bh4
{[%clk 0:06:19]} 27. Qc3 {[%clk 0:49:07]} Be7 {[%clk 0:03:31]} 28. Rac1
{[%clk 0:45:04]} Rd6 {[%clk 0:03:21]} 29. Rc2 {[%clk 0:17:41]} Rh6
{[%clk 0:03:34]} 30. Re3 {[%clk 0:17:20]} Bf1 {[%clk 0:02:25]} 31. Kxf1
{[%clk 0:10:31]} Qxh1+ {[%clk 0:02:41]} 32. Ke2 {[%clk 0:10:04]} Rxf2+
{[%clk 0:02:37]} 33. Kd3 {[%clk 0:09:04]} Rd6+ {[%clk 0:02:42]} 34. Kd4 0-1

[Event "WCO2014"]
[Site "Tromso"]
[Date "2014.08.05"]
[Round "4.24"]
[WhiteID "9901124"]
[White "Kalugampitiya R S"]
[BlackID "20500220"]
[Black "Gerrard Mphungt"]
[Result "1-0"]
[LiveChessVersion "1.4.3"]
[BlackElo "1930"]
[WhiteElo "2121"]

1. c4 {[%clk 1:30:37]} Nf6 {[%clk 1:30:52]} 2. Nc3 {[%clk 1:30:59]} g6
{[%clk 1:30:04]} 3. g3 {[%clk 1:31:12]} Bg7 {[%clk 1:30:26]} 4. Bg2
{[%clk 1:31:40]} O-O {[%clk 1:30:50]} 5. d3 {[%clk 1:31:28]} c5 {[%clk 1:29:54]}
6. Bg5 {[%clk 1:26:12]} Nc6 {[%clk 1:25:22]} 7. Qc1 {[%clk 1:24:58]} Re8
{[%clk 1:21:57]} 8. Bh6 {[%clk 1:24:31]} Bh8 {[%clk 1:22:20]} 9. h4
{[%clk 1:24:22]} Ng4 {[%clk 1:20:47]} 10. h5 {[%clk 1:16:42]} Nxh6
{[%clk 1:13:57]} 11. hxg6 {[%clk 1:04:20]} hxg6 {[%clk 1:10:33]} 12. Qxh6
{[%clk 1:00:25]} Bg7 {[%clk 1:10:49]} 13. Qh7+ {[%clk 0:58:15]} Kf8
{[%clk 1:11:13]} 14. Nf3 {[%clk 0:56:31]} Nd4 {[%clk 1:10:41]} 15. Nxd4
{[%clk 0:50:26]} Bxd4 {[%clk 1:01:59]} 16. Rh4 {[%clk 0:48:49]} Bg7
{[%clk 0:59:07]} 17. Rf4 {[%clk 0:40:12]} Qc7 {[%clk 0:31:09]} 18. Be4
{[%clk 0:35:25]} g5 {[%clk 0:22:09]} 19. Rf3 {[%clk 0:30:25]} e6 {[%clk 0:19:20]}
20. Bg6 {[%clk 0:20:40]} Re7 {[%clk 0:18:19]} 21. Qh5 {[%clk 0:20:31]} Qe5
{[%clk 0:13:38]} 22. g4 {[%clk 0:13:48]} Bf6 {[%clk 0:08:27]} 23. Ne4
{[%clk 0:11:31]} fxg6 {[%clk 0:03:00]} 24. Qh8+ {[%clk 0:11:41]} Kf7
{[%clk 0:01:12]} 25. Rxf6+ {[%clk 0:12:04]} 1-0

[Event "WCO2014"]
[Site "Tromso"]
[Date "2014.08.05"]
[Round "4.44"]
[WhiteID "11300310"]
[White "Gaealafshwe Barileng"]
[BlackID "10500359"]
[Black "Azahari Siti Nur Fatimah"]
[Result "1-0"]
[LiveChessVersion "1.4.3"]
[BlackElo "1985"]
[WhiteElo "2222"]

1. Nf3 {[%clk 1:30:58]} Nf6 {[%clk 1:30:11]} 2. c4 {[%clk 1:31:19]} c5
{[%clk 1:30:18]} 3. d4 {[%clk 1:31:43]} cxd4 {[%clk 1:28:53]} 4. Nxd4
{[%clk 1:32:08]} Nc6 {[%clk 1:28:53]} 5. Nc3 {[%clk 1:32:33]} g6 {[%clk 1:28:43]}
6. e4 {[%clk 1:32:56]} d6 7. Be2 {[%clk 1:33:19]} Nxd4 {[%clk 1:26:46]} 8. Qxd4
{[%clk 1:33:42]} Bg7 {[%clk 1:26:53]} 9. O-O {[%clk 1:33:34]} O-O
{[%clk 1:27:06]} 10. Bg5 {[%clk 1:32:36]} Be6 {[%clk 1:23:46]} 11. Qd2
{[%clk 1:32:52]} Qa5 {[%clk 1:21:17]} 12. Rfd1 {[%clk 1:32:34]} Rfc8
{[%clk 1:21:16]} 13. b3 {[%clk 1:26:25]} a6 {[%clk 1:13:12]} 14. Bxf6
{[%clk 1:25:53]} Bxf6 {[%clk 1:08:45]} 15. Nd5 {[%clk 1:26:00]} Qxd2
{[%clk 1:06:50]} 16. Nxf6+ {[%clk 1:25:15]} Kg7 {[%clk 1:01:59]} 17. Nh5+
{[%clk 1:25:31]} gxh5 {[%clk 1:00:58]} 18. Rxd2 {[%clk 1:25:56]} Bg4
{[%clk 0:57:54]} 19. f3 {[%clk 1:26:19]} Be6 {[%clk 0:58:15]} 20. Kf2
{[%clk 1:26:42]} b5 {[%clk 0:56:17]} 21. cxb5 {[%clk 1:22:19]} axb5
{[%clk 0:56:45]} 22. Bxb5 {[%clk 1:22:32]} Bxb3 {[%clk 0:54:38]} 23. a4
{[%clk 1:22:33]} Rc5 {[%clk 0:50:07]} 24. Rb2 {[%clk 1:16:34]} Bc4
{[%clk 0:45:14]} 25. Rc1 {[%clk 1:10:47]} Rac8 {[%clk 0:27:28]} 26. Rxc4
{[%clk 1:08:11]} Rxc4 {[%clk 0:27:35]} 27. Bxc4 {[%clk 1:08:37]} Rxc4
{[%clk 0:27:57]} 28. Ra2 {[%clk 1:09:03]} Rc6 {[%clk 0:26:02]} 29. a5
{[%clk 1:09:25]} Ra6 {[%clk 0:25:13]} 30. Ke3 {[%clk 1:09:49]} Kf6
{[%clk 0:22:26]} 31. Kd4 {[%clk 1:10:13]} Ke6 {[%clk 0:21:01]} 32. Kc4
{[%clk 1:09:11]} Kd7 {[%clk 0:20:12]} 33. Kb5 {[%clk 1:09:28]} Ra8
{[%clk 0:19:31]} 34. a6 {[%clk 1:06:43]} Rb8+ {[%clk 0:17:43]} 35. Ka5
{[%clk 1:06:59]} Ra8 {[%clk 0:17:46]} 36. Rb2 {[%clk 1:07:10]} Rg8
{[%clk 0:11:17]} 37. a7 {[%clk 1:07:28]} Kc7 {[%clk 0:08:11]} 38. Ka6
{[%clk 1:07:47]} 1-0

[Event "WCO2014"]
[Site "Tromso"]
[Date "2014.08.05"]
[Round "4.43"]
[WhiteID "10500677"]
[White "Izzuddin Zain"]
[BlackID "11300132"]
[Black "Njobvu Ignatius"]
[Result "1/2-1/2"]
[LiveChessVersion "1.4.3"]
[BlackElo "2193"]
[WhiteElo "1933"]

1. d4 {[%clk 1:30:56]} d5 {[%clk 1:30:56]} 2. c4 {[%clk 1:31:20]} e6
{[%clk 1:31:23]} 3. Nf3 {[%clk 1:31:41]} c6 {[%clk 1:31:45]} 4. Nc3
{[%clk 1:32:02]} Nf6 {[%clk 1:32:04]} 5. Bg5 {[%clk 1:31:59]} Nbd7
{[%clk 1:31:09]} 6. e3 {[%clk 1:31:41]} Qa5 {[%clk 1:31:26]} 7. cxd5
{[%clk 1:31:07]} Nxd5 {[%clk 1:30:50]} 8. Qd2 {[%clk 1:30:55]} h6
{[%clk 1:23:18]} 9. Bh4 {[%clk 1:27:44]} Bb4 {[%clk 1:21:49]} 10. Rc1
{[%clk 1:27:40]} c5 {[%clk 1:21:30]} 11. a3 {[%clk 1:08:29]} Bxc3
{[%clk 1:18:13]} 12. bxc3 {[%clk 1:08:51]} Qxa3 {[%clk 1:16:03]} 13. Bd3
{[%clk 0:59:38]} cxd4 {[%clk 1:01:06]} 14. cxd4 {[%clk 0:58:20]} Qb4
{[%clk 0:51:22]} 15. O-O {[%clk 0:50:50]} Qxd2 {[%clk 0:51:29]} 16. Nxd2
{[%clk 0:48:18]} f5 {[%clk 0:51:51]} 17. Bg3 {[%clk 0:43:49]} O-O
{[%clk 0:48:24]} 18. Bd6 {[%clk 0:40:23]} Rd8 {[%clk 0:48:35]} 19. Nc4
{[%clk 0:39:34]} N7f6 {[%clk 0:45:14]} 20. Be5 {[%clk 0:37:15]} Bd7
{[%clk 0:44:52]} 21. Na5 {[%clk 0:32:38]} b6 {[%clk 0:40:51]} 22. Nb7
{[%clk 0:31:26]} Rdc8 {[%clk 0:40:40]} 23. Nd6 {[%clk 0:30:07]} Rxc1
{[%clk 0:41:00]} 24. Rxc1 {[%clk 0:30:32]} a5 {[%clk 0:41:14]} 25. Kf1
{[%clk 0:23:38]} a4 {[%clk 0:25:39]} 26. Ke2 {[%clk 0:19:55]} Ra5
{[%clk 0:22:10]} 27. Nb7 {[%clk 0:15:10]} Ra7 {[%clk 0:22:17]} 28. Nd6
{[%clk 0:15:29]} Nb4 {[%clk 0:14:11]} 29. Bc4 {[%clk 0:13:17]} Nfd5
{[%clk 0:11:47]} 30. Kd2 {[%clk 0:13:20]} a3 {[%clk 0:06:55]} 31. f3
{[%clk 0:11:34]} a2 {[%clk 0:06:47]} 32. Ra1 {[%clk 0:11:58]} Ra3
{[%clk 0:03:17]} 33. e4 {[%clk 0:11:24]} fxe4 {[%clk 0:03:31]} 34. fxe4
{[%clk 0:09:06]} Ne3 {[%clk 0:03:56]} 35. Bxa2 {[%clk 0:07:48]} Nxa2
{[%clk 0:02:33]} 36. d5 {[%clk 0:06:26]} exd5 {[%clk 0:02:45]} 37. Bb2
{[%clk 0:06:41]} Ra4 {[%clk 0:01:03]} 38. Kxe3 {[%clk 0:06:48]} dxe4
{[%clk 0:01:27]} 39. Nxe4 {[%clk 0:06:47]} Bc6 {[%clk 0:00:46]} 40. Nd6
{[%clk 0:05:10]} Bxg2 {[%clk 0:00:39]} 41. Bd4 {[%clk 0:05:27]} Ra3+
{[%clk 0:00:31]} 42. Kf2 {[%clk 0:03:59]} Bd5 {[%clk 0:30:29]} 43. Bxb6
{[%clk 0:34:35]} Ra6 {[%clk 0:30:55]} 44. Bc5 {[%clk 0:34:18]} Rc6
{[%clk 0:31:22]} 45. Ba3 {[%clk 0:32:39]} Rc2+ {[%clk 0:31:43]} 46. Kf1
{[%clk 0:30:04]} Rxh2 {[%clk 0:31:33]} 47. Bc5 {[%clk 0:30:20]} Rc2
{[%clk 0:27:12]} 48. Bd4 {[%clk 0:27:37]} g6 {[%clk 0:25:18]} 49. Rb1
{[%clk 0:27:00]} Rc1+ {[%clk 0:23:19]} 50. Rxc1 {[%clk 0:27:24]} Nxc1
{[%clk 0:23:45]} 51. Be3 {[%clk 0:27:45]} Nd3 {[%clk 0:23:43]} 52. Bxh6
{[%clk 0:27:56]} Ne5 {[%clk 0:24:07]} 53. Bf4 {[%clk 0:27:54]} Ng4
{[%clk 0:23:53]} 54. Kg1 {[%clk 0:27:33]} Kg7 {[%clk 0:24:48]} 55. Bg5
{[%clk 0:25:21]} Ne5 {[%clk 0:25:08]} 56. Kf2 {[%clk 0:25:27]} Nf3
{[%clk 0:25:36]} 57. Be3 {[%clk 0:24:51]} Kf6 {[%clk 0:26:03]} 58. Nb5
{[%clk 0:23:05]} g5 {[%clk 0:25:51]} 59. Bxg5+ {[%clk 0:22:17]} Nxg5
{[%clk 0:26:14]} 60. Nd4 {[%clk 0:22:41]} Ke5 {[%clk 0:26:30]} 61. Ne2
{[%clk 0:22:43]} Bf3 {[%clk 0:26:28]} 62. Ke3 {[%clk 0:22:03]} Bg4
{[%clk 0:26:50]} 63. Nc1 {[%clk 0:22:12]} Nf7 {[%clk 0:26:29]} 64. Nd3+
{[%clk 0:22:28]} Kf5 {[%clk 0:26:49]} 1/2-1/2

[Event "WCO2014"]
[Site "Tromso"]
[Date "2014.08.05"]
[Round "4.42"]
[WhiteID "11300760"]
[White "Olebile Thato"]
[BlackID "10500170"]
[Black "Kamis Kamarunsalehin"]
[Result "1-0"]
[LiveChessVersion "1.4.3"]
[BlackElo "1977"]
[WhiteElo "2144"]

1. Nf3 {[%clk 1:30:48]} Nf6 {[%clk 1:30:35]} 2. g3 {[%clk 1:31:07]} b6
{[%clk 1:27:21]} 3. Bg2 {[%clk 1:31:30]} Bb7 {[%clk 1:27:46]} 4. O-O
{[%clk 1:31:48]} e6 {[%clk 1:28:01]} 5. d3 {[%clk 1:32:12]} Be7 {[%clk 1:28:06]}
6. e4 {[%clk 1:32:34]} d6 {[%clk 1:27:11]} 7. h3 {[%clk 1:30:27]} Nbd7
{[%clk 1:26:45]} 8. Nc3 {[%clk 1:30:28]} O-O {[%clk 1:26:00]} 9. Kh2
{[%clk 1:30:42]} c5 {[%clk 1:24:55]} 10. Qe2 {[%clk 1:28:15]} a6 {[%clk 1:22:14]}
11. Ne1 {[%clk 1:25:32]} b5 {[%clk 1:13:34]} 12. f4 {[%clk 1:23:25]} Nb6
{[%clk 1:12:09]} 13. f5 {[%clk 1:21:54]} exf5 {[%clk 1:05:36]} 14. Rxf5
{[%clk 1:20:37]} g6 {[%clk 1:05:38]} 15. Rf2 {[%clk 1:20:18]} Nfd7
{[%clk 1:01:12]} 16. Nd1 {[%clk 1:13:38]} Ne5 {[%clk 0:53:34]} 17. c3
{[%clk 1:12:23]} Nc6 {[%clk 0:52:47]} 18. Bh6 {[%clk 1:11:27]} Re8
{[%clk 0:52:33]} 19. Qf1 {[%clk 1:10:32]} Bf8 {[%clk 0:49:07]} 20. Bd2
{[%clk 1:06:51]} Qe7 {[%clk 0:47:36]} 21. Ne3 {[%clk 1:05:22]} Bg7
{[%clk 0:46:17]} 22. Ng4 {[%clk 1:03:43]} Nd7 {[%clk 0:39:27]} 23. Nh6+
{[%clk 0:59:32]} Bxh6 {[%clk 0:39:37]} 24. Bxh6 {[%clk 0:59:55]} f6
{[%clk 0:40:00]} 25. Bf4 {[%clk 0:56:13]} Nd8 {[%clk 0:38:38]} 26. Rd1
{[%clk 0:53:34]} Kg7 {[%clk 0:33:47]} 27. Re2 {[%clk 0:50:48]} Ne6
{[%clk 0:31:52]} 28. Bc1 {[%clk 0:49:51]} Rad8 {[%clk 0:29:32]} 29. Nc2
{[%clk 0:49:39]} Nb6 {[%clk 0:27:18]} 30. Ne3 {[%clk 0:49:23]} Qf7
{[%clk 0:23:14]} 31. Ng4 {[%clk 0:48:30]} Nd7 {[%clk 0:15:59]} 32. Rf2
{[%clk 0:48:44]} g5 {[%clk 0:04:31]} 33. Ne3 {[%clk 0:46:11]} Kg8
{[%clk 0:03:20]} 34. Nf5 {[%clk 0:46:30]} Qf8 {[%clk 0:03:31]} 35. Qe2
{[%clk 0:46:41]} Ne5 {[%clk 0:02:56]} 36. Rdf1 {[%clk 0:46:38]} Nf7
{[%clk 0:02:18]} 37. Ne3 {[%clk 0:46:36]} Qg7 {[%clk 0:01:55]} 38. Nf5
{[%clk 0:46:05]} Qg6 {[%clk 0:01:41]} 39. Bf3 {[%clk 0:46:17]} Ng7
{[%clk 0:00:37]} 40. Nxg7 {[%clk 0:46:14]} Kxg7 {[%clk 0:00:36]} 41. Bh5
{[%clk 0:46:35]} Qh6 {[%clk 0:29:02]} 42. Rxf6 {[%clk 1:16:47]} 1-0

[Event "WCO2014"]
[Site "Tromso"]
[Date "2014.08.05"]
[Round "4.41"]
[WhiteID "10500324"]
[White "Azahari Aliuddin"]
[BlackID "11300710"]
[Black "Notha Moakofi"]
[Result "1-0"]
[LiveChessVersion "1.4.3"]
[BlackElo "2070"]
[WhiteElo "2030"]

1. e4 {[%clk 1:30:58]} e5 {[%clk 1:30:57]} 2. Nf3 {[%clk 1:31:00]} Nc6
{[%clk 1:31:25]} 3. Nc3 {[%clk 1:30:48]} Nf6 {[%clk 1:31:44]} 4. d4
{[%clk 1:29:56]} exd4 {[%clk 1:32:00]} 5. Nxd4 {[%clk 1:30:04]} Bb4
{[%clk 1:32:21]} 6. Nxc6 {[%clk 1:28:59]} bxc6 {[%clk 1:32:48]} 7. Bd3
{[%clk 1:28:06]} d5 {[%clk 1:33:15]} 8. exd5 {[%clk 1:25:54]} cxd5
{[%clk 1:33:43]} 9. O-O {[%clk 1:24:11]} O-O {[%clk 1:34:07]} 10. Bg5
{[%clk 1:23:19]} c6 {[%clk 1:34:35]} 11. Qf3 {[%clk 1:21:32]} Be7
{[%clk 1:34:19]} 12. Rae1 {[%clk 1:19:51]} Be6 {[%clk 1:30:09]} 13. h3
{[%clk 1:12:36]} Rb8 {[%clk 1:30:09]} 14. Nd1 {[%clk 1:04:57]} Nd7
{[%clk 1:24:48]} 15. Bxe7 {[%clk 1:00:00]} Qxe7 {[%clk 1:25:02]} 16. b3
{[%clk 0:53:27]} Rfe8 {[%clk 1:23:34]} 17. Ne3 {[%clk 0:49:26]} Qg5
{[%clk 1:20:51]} 18. Nf5 {[%clk 0:45:37]} Bxf5 {[%clk 1:16:17]} 19. Qxf5
{[%clk 0:45:43]} Qxf5 {[%clk 1:16:37]} 20. Bxf5 {[%clk 0:46:10]} Nf6
{[%clk 1:15:56]} 21. f3 {[%clk 0:40:20]} Kf8 {[%clk 1:12:51]} 22. Kf2
{[%clk 0:40:10]} h6 {[%clk 1:12:01]} 23. c3 {[%clk 0:38:53]} a5 {[%clk 1:10:53]}
24. h4 {[%clk 0:37:00]} Re7 {[%clk 1:09:30]} 25. Rxe7 {[%clk 0:28:50]} Kxe7
{[%clk 1:07:08]} 26. Re1+ {[%clk 0:26:29]} Kd6 {[%clk 1:07:35]} 27. Re3
{[%clk 0:24:07]} Re8 {[%clk 1:04:26]} 28. Rxe8 {[%clk 0:22:38]} Nxe8
{[%clk 1:04:54]} 29. Ke3 {[%clk 0:22:37]} c5 {[%clk 1:05:00]} 30. Bd3
{[%clk 0:20:57]} Nc7 {[%clk 1:02:21]} 31. f4 {[%clk 0:19:22]} Na8
{[%clk 0:55:21]} 32. a3 {[%clk 0:17:26]} Nb6 {[%clk 0:55:05]} 33. Bb5
{[%clk 0:16:48]} d4+ {[%clk 0:52:01]} 34. cxd4 {[%clk 0:14:17]} Nd5+
{[%clk 0:52:13]} 35. Kf3 {[%clk 0:11:43]} cxd4 {[%clk 0:40:42]} 36. Bc4
{[%clk 0:10:44]} Ne3 {[%clk 0:36:03]} 37. Bxf7 {[%clk 0:09:41]} Nc2
{[%clk 0:36:06]} 38. Ke4 {[%clk 0:08:34]} Kc5 {[%clk 0:34:56]} 39. g4
{[%clk 0:08:03]} Nxa3 {[%clk 0:34:57]} 40. g5 {[%clk 0:08:04]} Nb5
{[%clk 0:33:19]} 41. Kd3 {[%clk 0:07:59]} Nd6 {[%clk 0:29:58]} 42. Be6
{[%clk 0:08:18]} Ne8 {[%clk 0:20:34]} 43. f5 {[%clk 0:07:40]} hxg5
{[%clk 0:13:15]} 44. hxg5 {[%clk 0:08:02]} Nc7 {[%clk 0:03:19]} 45. Bf7
{[%clk 0:08:11]} Kd6 {[%clk 0:29:49]} 46. Kxd4 {[%clk 0:38:59]} Nb5+
{[%clk 0:29:58]} 47. Ke4 {[%clk 0:37:47]} a4 {[%clk 0:27:50]} 48. bxa4
{[%clk 0:33:29]} Nc3+ {[%clk 0:27:07]} 49. Kf4 {[%clk 0:32:48]} Nxa4
{[%clk 0:27:33]} 50. f6 {[%clk 0:30:50]} gxf6 {[%clk 0:27:12]} 51. g6
{[%clk 0:31:15]} Ke7 {[%clk 0:16:55]} 52. Bb3 {[%clk 0:31:36]} Nc5
{[%clk 0:14:19]} 53. g7 {[%clk 0:31:38]} Nxb3 {[%clk 0:13:43]} 54. g8=Q
{[%clk 0:32:03]} Nc5 {[%clk 0:13:50]} 55. Qa8 {[%clk 0:29:56]} Nd7
{[%clk 0:13:32]} 56. Kf5 {[%clk 0:29:27]} Nf8 {[%clk 0:12:42]} 57. Qb7+
{[%clk 0:29:38]} Nd7 {[%clk 0:13:07]} 58. Qc7 {[%clk 0:29:56]} Ke8
{[%clk 0:13:00]} 59. Ke6 {[%clk 0:30:11]} 1-0